Smrť na prahu vojny

Bibliographic Details
Main Author: Pitko, Michal (Author)
Format: Article
Language:Slovak
Subjects:

MARC

LEADER 00000nab a2200000 a 4500
001 vtls000911603
003 SK-MaSNL
005 20260303162045.0
008 140402e19990000xo 0 slo
035 |a KE20518 
040 |a KEVKJB  |b slo  |c KEVKJB  |e AACR2 
041 0 |a slo 
044 |a xo  |c SK 
080 |a 355.292.4  |2 1981 
100 1 |a Pitko, Michal  |4 aut  |9 531146 
245 1 0 |a Smrť na prahu vojny 
590 |a Šándor, Ondrej 1912-1939 
600 1 7 |a Šándor, Ondrej 1912-1939  |2 KEVKJB  |9 1185218 
650 0 7 |a osobnosti  |2 KEVKJB  |9 29820 
650 0 7 |a profily  |2 KEVKJB  |9 28648 
651 7 |a Čaňa (Slovensko)  |2 KEVKJB  |9 28954 
651 7 |a Košice-okolie (Slovensko : okres)  |2 KEVKJB  |9 146743 
773 0 8 |t Bojovník  |g Roč. 44, č.21 (1999), s. 12 
852 |a ZVYKNI  |b KIS3GCP 
999 |c 2052011  |d 2053941